000 00967nam a22002297a 4500
999 _c4983
_d4983
003 AR-CdUCM
008 190311b ||||| |||| 00| 0 spa d
020 _a8472326136
040 _aMUNICIPALIDAD PROVINCIAL DEL CUSCO
_cBIBLIOTECA MUNICIPAL DEL CUSCO
082 _a342.14 /
_bM28
100 _aMatala Kabangu, Tshimpanga
_915261
245 _aLa política de desarrollo de comunidad Europea de África en el marco de los convenios de Lomé /
260 _aMadrid :
_bAgencia de cooperación internacional,
_c1991.
300 _a279 páginas ;
_c24 cm.
505 _aLa comunidad europea en los estados ACP como actores de una sociedad internacional en itación -- La CE y la integración europea -- La génesis de la integración europea...
650 _aIntegración europea.
_915262
650 _aPolíticas de desarrollo.
_915263
650 _aÁfrica.
_91289
700 _aValenzuela Marzo, Fernando (prologo)
_915264
942 _2ddc
_cLIBROS
945 _awfj